000 00971nam a2200265 a 4500
001 000035143
005 20200930074131.0
008 111025s1966 ag a 000 0 spa d
040 _aDO-SdBNP
_bspa
_cBNPHU
041 1 7 _aspa
_hfre
082 _a599.97
_bV191r, 1966
100 1 _aVallois, Henri V.
_q(Henri Victor),
_d1889-1981
_960849
245 1 4 _aLas razas humanas /
_cHenri-V. Vallois ; traducida y actualiza por Noelia Bastard.
250 _a2a. ed.
260 _aBuenos Aires :
_bEditorial Universitaria de Buenos Aires,
_c1966.
300 _a104 p. :
_bil. ;
_c19 cm.
490 1 _aCuadernos de EUDEBA ;
_v111
500 _aTít. original: Les races humaines
534 _aTrad. de la 5a. ed. francesa
590 _aPerteneció a la biblioteca personal de Juan Isidro Jimenes Grullón
650 2 4 _aEtnología
_92825
700 1 2 _aBastard, Noelia,
_etrad.
_956496
830 0 _aCuadernos de EUDEBA ;
_n111
_960850
910 _aValidado. Control de calidad MFF
999 _c34634
_d34634